Income tax : for B.Com 5th semester student of B U, assessment year 2008-09 (Record no. 217711)

MARC details
000 -LEADER
fixed length control field 00555nam a2200181Ia 4500
008 - FIXED-LENGTH DATA ELEMENTS--GENERAL INFORMATION
fixed length control field 231221s9999 xx 000 0 und d
020 ## - INTERNATIONAL STANDARD BOOK NUMBER
International Standard Book Number 9790000000000
041 ## - LANGUAGE CODE
Language code of text/sound track or separate title English
082 ## - DEWEY DECIMAL CLASSIFICATION NUMBER
Classification number 343.052 GAU;1 R
100 ## - MAIN ENTRY--PERSONAL NAME
Personal name Gaur, V P. Narang, D B. Pujaghai.
245 #0 - TITLE STATEMENT
Title Income tax : for B.Com 5th semester student of B U, assessment year 2008-09
250 ## - EDITION STATEMENT
Edition statement 3rd ed.
260 ## - PUBLICATION, DISTRIBUTION, ETC.
Date of publication, distribution, etc. 2008
Name of publisher, distributor, etc. Kalayani
Place of publication, distribution, etc. Ludhiana
300 ## - PHYSICAL DESCRIPTION
Extent xiii, 1/21+5
500 ## - GENERAL NOTE
General note Donated by Somaiah Naidu
650 ## - SUBJECT ADDED ENTRY--TOPICAL TERM
Topical term or geographic name entry element Income,tax,B.Com,5th,B,U,,assessment,2008-09
942 ## - ADDED ENTRY ELEMENTS (KOHA)
Koha item type Business Management Library
Holdings
Date last seen Total checkouts Full call number Accession number Price effective from Category Lost status Damaged status Department Withdrawn status Home library Current library Shelving location Entry date Grants Currency symbol Conversion rate Discount Old discount
26/01/2024   343.052 GAU;1 R BM2359 26/01/2024 Business Management Library     Central Library   Central Library Central Library Central Library   DONATED RS 1    

© For any Suggestions or Query, please contact the library staff @ librarian@pes.edu or Phone: +9180 2672 1983/ 2108.